<?xml version="1.0" encoding="UTF-8"?><?xml-stylesheet type="text/xsl" href="static/style.xsl"?><OAI-PMH xmlns="http://www.openarchives.org/OAI/2.0/" xmlns:xsi="http://www.w3.org/2001/XMLSchema-instance" xsi:schemaLocation="http://www.openarchives.org/OAI/2.0/ http://www.openarchives.org/OAI/2.0/OAI-PMH.xsd"><responseDate>2026-04-27T20:00:01Z</responseDate><request verb="GetRecord" identifier="oai:uvadoc.uva.es:10324/65450" metadataPrefix="marc">https://uvadoc.uva.es/oai/request</request><GetRecord><record><header><identifier>oai:uvadoc.uva.es:10324/65450</identifier><datestamp>2024-02-01T08:31:33Z</datestamp><setSpec>com_10324_895</setSpec><setSpec>com_10324_931</setSpec><setSpec>com_10324_894</setSpec><setSpec>col_10324_896</setSpec></header><metadata><record xmlns="http://www.loc.gov/MARC21/slim" xmlns:doc="http://www.lyncode.com/xoai" xmlns:xsi="http://www.w3.org/2001/XMLSchema-instance" xmlns:dcterms="http://purl.org/dc/terms/" xsi:schemaLocation="http://www.loc.gov/MARC21/slim http://www.loc.gov/standards/marcxml/schema/MARC21slim.xsd">
<leader>00925njm 22002777a 4500</leader>
<datafield tag="042" ind1=" " ind2=" ">
<subfield code="a">dc</subfield>
</datafield>
<datafield tag="720" ind1=" " ind2=" ">
<subfield code="a">Martín Moral, María Flora</subfield>
<subfield code="e">author</subfield>
</datafield>
<datafield tag="260" ind1=" " ind2=" ">
<subfield code="c">2023</subfield>
</datafield>
<datafield tag="520" ind1=" " ind2=" ">
<subfield code="a">En el presente trabajo se realiza un exhaustivo análisis de la regulación del&#xd;
emplazamiento de producto en la Ley 13/2022, de 7 de julio, General de&#xd;
Comunicación Audiovisual, destacando las diferencias con el tratamiento que,&#xd;
esta forma de comunicación audiovisual comercial, recibía en la derogada Ley&#xd;
7/2010, de 31 de marzo, General de la Comunicación Audiovisual</subfield>
</datafield>
<datafield tag="024" ind2=" " ind1="8">
<subfield code="a">Revista de derecho de la competencia y la distribución, 2023, n. 32, p. 1-19.</subfield>
</datafield>
<datafield tag="024" ind2=" " ind1="8">
<subfield code="a">1888-3052</subfield>
</datafield>
<datafield tag="024" ind2=" " ind1="8">
<subfield code="a">https://uvadoc.uva.es/handle/10324/65450</subfield>
</datafield>
<datafield tag="024" ind2=" " ind1="8">
<subfield code="a">1</subfield>
</datafield>
<datafield tag="024" ind2=" " ind1="8">
<subfield code="a">32</subfield>
</datafield>
<datafield tag="024" ind2=" " ind1="8">
<subfield code="a">19</subfield>
</datafield>
<datafield tag="024" ind2=" " ind1="8">
<subfield code="a">Revista de derecho de la competencia y la distribución</subfield>
</datafield>
<datafield ind1=" " ind2=" " tag="653">
<subfield code="a">Comunicación visual - Legislación</subfield>
</datafield>
<datafield tag="245" ind1="0" ind2="0">
<subfield code="a">El emplazamiento de producto en la nueva Ley General de Comunicación Audiovisual</subfield>
</datafield>
</record></metadata></record></GetRecord></OAI-PMH>